LEADER 00846nam0-22003131i-450- 001 990003035660403321 010 $a0-86003-178-0 035 $a000303566 035 $aFED01000303566 035 $a(Aleph)000303566FED01 035 $a000303566 100 $a20000920d1988----km-y0itay50------ba 101 0 $aita 102 $aIT 200 1 $aContemporary Economics$eA Teacher's Update$fedited by Adrian Darnell & Lynne Evans. 210 $aOxford$cPhilip Allan$d1988. 215 $aIX, 191 p.$d23 cm 676 $aC/1 676 $aD/8.20 702 1$aDarnell,$bAdrian C.$f<1953- > 702 1$aEvans,$bLynne J. 801 0$aIT$bUNINA$gRICA$2UNIMARC 901 $aBK 912 $a990003035660403321 952 $aC/1 CON/N.A.$b9352$fSES 959 $aSES 996 $aContemporary Economics$9463669 997 $aUNINA DB $aING01 LEADER 01966oas 2200721 a 450 001 9910679847203321 005 20260218112621.0 011 $a1495-8473 035 $a(DE-599)ZDB2500718-X 035 $a(OCoLC)1082703679 035 $a(CONSER)cn 00472039 035 $a(CKB)991042733897994 035 $a(DE-599)2500718-X 035 $a(EXLCZ)99991042733897994 100 $a20001024b20002009 ua a 101 0 $aeng 135 $aurcn||||||||| 181 $ctxt$2rdacontent 182 $cc$2rdamedia 183 $acr$2rdacarrier 200 10$aMonetary policy report$iUpdate /$fBank of Canada 210 $aOttawa $cBank of Canada$d[2000-2009?] 300 $aTitle from caption (viewed on October 24, 2000). 300 $aDistributed by the Government of Canada Depository Services Program. 311 08$a1495-947X 531 0 $aMonet. policy rep., Update 606 $aMonetary policy$zCanada$vPeriodicals 606 $aPolitique mone?taire$zCanada$vPe?riodiques 606 $aMonetary policy$2fast$3(OCoLC)fst01025230 607 $aCanada$2fast$1https://id.oclc.org/worldcat/entity/E39PBJkMHVW4rfVXPrhVP4VwG3 608 $aPeriodicals.$2fast 608 $aPeriodicals.$2lcgft 615 0$aMonetary policy 615 6$aPolitique mone?taire 615 7$aMonetary policy. 676 $a332.4/97105 686 $acci1icc$2lacc 686 $acoll11$2lacc 686 $acoll14$2lacc 801 0$bNLC 801 1$bNLC 801 2$bOCLCO 801 2$bOCLCF 801 2$bVT2 801 2$bOCLCQ 801 2$bOCLCO 801 2$bCGC 801 2$bOCLCS 801 2$bHEBIS 801 2$bDKDLA 801 2$bLND 801 2$bWYU 801 2$bOCLCQ 801 2$bOCLCO 801 2$bOCLCQ 801 2$bU3W 801 2$bOCLCL 801 2$bOCLCQ 801 2$bOCLCL 906 $aJOURNAL 912 $a9910679847203321 996 $aMonetary policy report$91920611 997 $aUNINA